书目信息 |
| 题名: |
AutoCAD2005中文版建筑设计典型实例教程
|
|
| 作者: | 王凌志 编著 | |
| 分册: | ||
| 出版信息: | 北京 中国水利水电出版社 2005.04 |
|
| 页数: | 362页 | |
| 开本: | 26cm | |
| 丛书名: | 学以致用 | |
| 单 册: | ||
| 中图分类: | TU201.4 | |
| 科图分类: | ||
| 主题词: | 建筑设计:计算机辅助设计--jian zhu she ji:ji suan ji fu zhu she ji--应用软件,AutoCAD2005--教材 | |
| 电子资源: | ||
| ISBN: | 7-5084-2751-3 | |
| 000 | 01033nam0 2200241 450 | |
| 001 | 010240121437 | |
| 005 | 20091119084243.43 | |
| 010 | @a7-5084-2751-3@dCNY34.00 | |
| 100 | @a20050521d2005 km y0chiy0120 ea | |
| 101 | 0 | @achi |
| 102 | @aCN@b110000 | |
| 105 | @aa z 000yy | |
| 200 | 1 | @aAutoCAD2005中文版建筑设计典型实例教程@AAutoCAD2005 zhong wen ban jian zhu she ji dian xing shi li jiao cheng@f王凌志等编著@Fwang ling zhi deng bian zhu |
| 210 | @a北京@c中国水利水电出版社@d2005.04 | |
| 215 | @a362页@c图@d26cm | |
| 225 | 2 | @a学以致用 |
| 330 | @a本书通过丰富而典型的实例,详尽地介绍了AutoCAD 2005中文版在建筑绘图与设计方面的应用。全书共分7章,内容涉及AutoCAD 2005中文版的工作环境、命令输入方式、二维及三维绘图命令的使用方法。 | |
| 410 | 0 | @12001 @a学以致用 |
| 606 | 0 | @a建筑设计:计算机辅助设计@Ajian zhu she ji:ji suan ji fu zhu she ji@x应用软件,AutoCAD2005@x教材 |
| 690 | @aTU201.4@v4 | |
| 701 | 0 | @a王凌志@Awang ling zhi@4编著 |
| 801 | 0 | @aCN@bQSSK@c20091119 |
| 905 | @a10447@dTU201.4@eW2601 | |
| AutoCAD2005中文版建筑设计典型实例教程/王凌志等编著.-北京:中国水利水电出版社,2005.04 |
| 362页:图;26cm.-(学以致用) |
| ISBN 7-5084-2751-3:CNY34.00 |
| 本书通过丰富而典型的实例,详尽地介绍了AutoCAD 2005中文版在建筑绘图与设计方面的应用。全书共分7章,内容涉及AutoCAD 2005中文版的工作环境、命令输入方式、二维及三维绘图命令的使用方法。 |
| ● |
| 相关链接 |
|
|
|
正题名:AutoCAD2005中文版建筑设计典型实例教程
索取号:TU201.4/W2601
 
预约/预借
| 序号 | 登录号 | 条形码 | 馆藏地/架位号 | 状态 | 备注 |
| 1 | 529407 | 205294073 | 建筑库101/101建筑库 36排1列3层/ [索取号:TU201.4/W2601] | 在馆 | |
| 2 | 529408 | 205294082 | 建筑库101/101建筑库 35排4列5层/ [索取号:TU201.4/W2601] | 在馆 | |
| 3 | 529409 | 205294091 | 建筑库101/101建筑库 36排1列2层/ [索取号:TU201.4/W2601] | 在馆 |